La denuncia penal sustentada por una determinación de oficio viciada (Registro nro. 22557)

Detalles MARC
000 -LEADER
fixed length control field 00364 a2200109 4500
001 - CONTROL NUMBER
control field ART_60896
005 - DATE AND TIME OF LATEST TRANSACTION
control field 20260410161823.0
008 - FIXED-LENGTH DATA ELEMENTS--GENERAL INFORMATION
fixed length control field 260409a
100 1# - MAIN ENTRY--PERSONAL NAME
Personal name Vega, Gerardo E.
245 10 - TITLE STATEMENT
Title La denuncia penal sustentada por una determinación de oficio viciada
773 0# - HOST ITEM ENTRY
Title Doctrina Penal Tributaria y Económica
Related parts - N° 72 (jun. 2024)
Record control number REV4317

No hay ítems disponibles.